000 00891nam a2200253Ia 4500
003 OSt
005 20220923211144.0
006 a|||||r|||| 00| 0
007 ta
008 220922b |||||||| |||| 00| 0 hin d
020 _a8186684212 (hbk)
_c233.75
024 _a245,389
037 _b380, 11/02/2011, Swaraj Prakashan
_cTextual
040 _aARTS
_cARTS
_bhin
041 _2hin
_ahin
082 _aXv2.N5, 152N7
100 _aमिश्र, गिरीश
_9156290
245 0 _aआधुनिक भारत का आर्थिक इतिहास
246 _aĀdhunik bhārat kā ārthik itihāsa
260 _aनई दिल्ली
_b ग्रंथ शिल्पी
_c1997
300 _a300पृ.
_ccm.
942 _hXv2.N5, 152N7
_cTEXL
_2CC
999 _c296049
_d296049